03433cam a2200349 i 4500001001000000003000600010005001700016008004100033010001500074020001800089020001500107035002100122040009300143050002200236050002200258082001700280100003300297245008000330250001900410264005400429264001500483300002300498336002600521337002800547338002700575504005300602505095200655520045901607520095302066650002203019650004203041424557577OCoLC20241126110710.0091016t20102010miu b 001 0 eng  a2009043303 a9780801036415 a0801036410 a(OCoLC)424557577 aDLCbengerdacDLCdBTCTAdXBEdC#PdYDXCPdBWXdCDXdBDXdOCLCFdOCLCQdOKRdSGBdOCLCA00aBV2063b.P55 201000aBV2063b.P55 2010 a266.001bPIP1 aPiper, John,d1946-eauthor.10aLet the nations be glad! :bthe supremacy of God in missions /cJohn Piper. aThird edition. 1aGrand Rapids, Michigan :bBaker Academic,c[2010] 4c℗♭2010 a280 pages ;c23 cm atextbtxt2rdacontent aunmediatedbn2rdamedia avolumebnc2rdacarrier aIncludes bibliographical references and indexes.0 aIntroduction to the Third Edition : New realities in world Christianity and twelve appeals to prosperity preachers -- Part one : Making God supreme in missions : the purpose, the power, and the price. 1. The supremacy of God in missions through worship -- 2. The supremacy of God in missions through prayer -- 3. The supremacy of God in missions through suffering -- Part two : Making God supreme in missions : the necessity and nature of the task. 4. The supremacy of Christ as the conscious focus of all saving faith -- 5. The supremacy of God among "all the nations" -- Part three : Making God supreme in missions : the practical outworking of compassion and worship. 6. A passion for God's supremacy and compassion for man's soul : Jonathan Edwards on the unity of motives for world missions -- 7. The inner simplicity and outer freedom of worldwide worship -- Conclusion -- Afterword : The supremacy of God in going and sending / Tom Steller. a"Missions is not the ultimate goal of the church. Worship is. Missions exists because worship doesn't. Worship is ultimate." - John Piper. Let the Nations Be Glad! has become a modern missions classic. A trusted resource for thousands of missionaries, pastors, church leaders, and laypeople, it provides a biblical basis for missions and worship. This third edition has been expanded to include timely new material on the prosperity gospel. - Back cover. aThis new edition of a bestselling textbook (over 185,000 copies sold) draws on key biblical texts to demonstrate that worship is the ultimate goal of the church and that proper worship fuels missionary outreach. John Piper offers a biblical defense of God's supremacy in all things, providing readers with a sound theological foundation for missions. He examines whether Jesus is the only way to salvation and issues a passionate plea for God-centeredness in the missionary enterprise, seeking to define the scope of the task and the means for reaching "all nations." The third edition has been revised and expanded throughout and includes new material on the prosperity gospel. The book is essential reading for those involved in or preparing for missions work. It also offers enlightenment for college and seminary students, pastors, youth workers, campus ministers, and all who want to connect their labors to God's global purposes. - Publisher. 0aMissionsxTheory. 0aGod (Christianity)xWorship and love.